HARRISON'S PRINCIPLES OF INTERNAL MEDICINE (Record no. 14954)

MARC details
000 -LEADER
fixed length control field 00383nam a22001577a 4500
003 - CONTROL NUMBER IDENTIFIER
control field SGT
020 ## - INTERNATIONAL STANDARD BOOK NUMBER
International Standard Book Number 978-0-07-180213-0
082 ## - DEWEY DECIMAL CLASSIFICATION NUMBER
Classification number 616
Item number H15K
100 ## - MAIN ENTRY--PERSONAL NAME
Personal name KASPER, DENNIS.L.
245 ## - TITLE STATEMENT
Title HARRISON'S PRINCIPLES OF INTERNAL MEDICINE
250 ## - EDITION STATEMENT
Edition statement 19TH
260 ## - PUBLICATION, DISTRIBUTION, ETC. (IMPRINT)
Place of publication, distribution, etc NEW DELHI
Name of publisher, distributor, etc MC.GRAW HILL
Year of Publication 2015
300 ## - PAGE DESCRIPTION
No. of Pages 465,I-200,2770,I-200,486e1
650 ## - SUBJECT ADDED ENTRY--TOPICAL TERM
Topical term or geographic name as entry element AYURVEDA
942 ## - ADDED ENTRY ELEMENTS (KOHA)
Source of classification or shelving scheme Dewey Decimal Classification
Koha item type Books
Holdings
Withdrawn status Lost status Source of classification or shelving scheme Damaged status Use restrictions Not for loan Collection code Home library Current library Shelving location Date acquired Vendor Name Cost, normal purchase price Volume Information (Serial or Books or Non-Book Material) SGTU Bill Number Full call number Accession No. (Barcode) Date last seen Bill Date Koha item type
    Dewey Decimal Classification   Restricted Access   AYURVEDA SGT FA-FP Library SGT FA-FP Library Reference Book 31/01/2018 AHUJA PUB 9422.00 1 SGTU 9136 616 H15K FA8124 31/01/2018 04/01/2018 Books
    Dewey Decimal Classification   Restricted Access   AYURVEDA SGT FA-FP Library SGT FA-FP Library Reference Book 31/01/2018 AHUJA PUB 9422.00 1 SGTU 9136 616 H15K FA8125 31/01/2018 04/01/2018 Books
    Dewey Decimal Classification   Restricted Access   AYURVEDA SGT FA-FP Library SGT FA-FP Library Reference Book 31/01/2018 AHUJA PUB 9422.00 2 SGTU 9136 616 H15K FA8126 31/01/2018 04/01/2018 Books
    Dewey Decimal Classification   Restricted Access   AYURVEDA SGT FA-FP Library SGT FA-FP Library Reference Book 31/01/2018 AHUJA PUB 9422.00 2 SGTU 9136 616 H15K FA8127 31/01/2018 04/01/2018 Books
    Dewey Decimal Classification   Restricted Access   AYURVEDA SGT FA-FP Library SGT FA-FP Library Reference Book 31/01/2018 AHUJA PUB 1080.00 3 SGTU 9136 616 H15K FA8128 31/01/2018 04/01/2018 Books
    Dewey Decimal Classification   Restricted Access   AYURVEDA SGT FA-FP Library SGT FA-FP Library Reference Book 31/01/2018 AHUJA PUB 1080.00 3 SGTU 9136 616 H15K FA8129 31/01/2018 04/01/2018 Books